Did Jesus rise from the dead? (Record no. 8908)

000 -LEADER
fixed length control field 00487nam a2200169 a 4500
001 - CONTROL NUMBER
control field :::00006687$&:&@@
003 - CONTROL NUMBER IDENTIFIER
control field OkBaRHE
005 - DATE AND TIME OF LATEST TRANSACTION
control field 20001030183758.0
008 - FIXED-LENGTH DATA ELEMENTS--GENERAL INFORMATION
fixed length control field s1965 j 000 0 eng u
040 ## - CATALOGING SOURCE
Transcribing agency
100 1# - MAIN ENTRY--PERSONAL NAME
Personal name Roper, Albert L.
245 10 - TITLE STATEMENT
Title Did Jesus rise from the dead?
260 ## - PUBLICATION, DISTRIBUTION, ETC. (IMPRINT)
Place of publication, distribution, etc Grand Rapids, Michigan
Name of publisher, distributor, etc Zondervan
Date of publication, distribution, etc 1965
300 ## - PHYSICAL DESCRIPTION
Extent 54 p.
942 ## - ADDED ENTRY ELEMENTS (KOHA)
Source of classification or shelving scheme
Koha item type Books
Copies
Date last seen Koha item type Permanent Location Lost status Source of classification or shelving scheme Copy number Full call number Barcode Not for loan Price effective from Withdrawn status Shelving location Date acquired Damaged status
2010-04-14BooksRHEMA Bible Training College  1BT 481 .R586687 2010-04-14 General Stacks2010-04-14